000 00323nam a22001457a 4500
008 181122b xxu||||| |||| 00| 0 eng d
020 _a9780781730594
041 _aeng
080 _22 nd
_a575
082 _a575
100 _a9
101 _aIMU
245 _aDermatology&immunology words
_cKumm.R.M
942 _2udc
_cBK
999 _c52365
_d52365